000 00704nam a2200217 a 4500
001 000489775
003 AM-YeHGA
005 20260408145918.0
008 060523s1895 aj r 000 0 arm d
040 _aAM-YeHGA
041 0 _aarm
100 1 _aԲարխուդարյան, Մակար,
_d1832-1906
_92913
245 1 0 _aԱրցախ :
_bԵրկասիրեյ /
_cՄ. եպս. Բարխուտարեանց.
260 _aԲագու :
_bտպ. Արօր,
_c1895.
300 _a460 էջ
500 _aՑայնկ հատուկ անունների՝ էջ 439-457
650 1 4 _aԱշխարհագրություն
_zԱրցախ
650 1 4 _aՊատմություն
_zԱրցախ
942 _2udc
_cBK
_01
090 _c181827
999 _c180377
_d180377